Přesvědč, prodej a vydělej

Základný prvok úspešnej marketingovej komunikácie - získanie záujmu a pozornosti verejnosti. Stupeň dôležitosti jednotlivých zložiek marketingového mixu. Cenová politika. Ciele firmy - zisk versus spoločenský prínos. Cena z hľadiska marketingovej komunikácie.

Salvato in:
Dettagli Bibliografici
Autore principale: Foret, M.
Natura: Capitolo di libro
Lingua:ceco
Soggetti:
Tags: Aggiungi Tag
Nessun Tag, puoi essere il primo ad aggiungerne!!

MARC

LEADER 00000naa a2200000 4500
001 r026079
005 20230920093640.7
041 0 |a cze 
044 |a CZ 
245 1 0 |a Přesvědč, prodej a vydělej  |c M. Foret 
520 |a Základný prvok úspešnej marketingovej komunikácie - získanie záujmu a pozornosti verejnosti. Stupeň dôležitosti jednotlivých zložiek marketingového mixu. Cenová politika. Ciele firmy - zisk versus spoločenský prínos. Cena z hľadiska marketingovej komunikácie. 
610 2 0 |a marketing 
610 2 0 |a marketing mix 
610 2 0 |a ceny 
610 2 0 |a politika cenová 
610 2 0 |a stratégia marketingová 
100 1 |a Foret, M.